MARC

LEADER 00000nam0a2200000 4500
001 119183
005 20231031124442.0
035 |a (RuTPU)RU\TPU\book\128980 
090 |a 119183 
100 |a 20070626d1977 km y0rusy50 ca 
101 0 |a rus 
102 |a RU 
105 |a a j 001zy 
200 1 |a Ремонт летательных аппаратов  |e учебник для вузов  |f Н. Л. Голего [и др.] 
210 |a Москва  |c Транспорт  |d 1977 
215 |a 424 с.  |c ил. 
320 |a Библиогр.: с. 409-411. 
320 |a Предметный указатель: с. 412-418. 
610 1 |a авиация 
610 1 |a летательные аппараты 
610 1 |a ремонт 
610 1 |a технология 
610 1 |a авиадвигатели 
610 1 |a дефекты 
610 1 |a отказы 
610 1 |a техническая диагностика 
610 1 |a учебные пособия 
675 |a 629.735(075.8)  |v 3 
701 1 |a Голего  |b Н. Л.  |g Николай Лукич 
701 1 |a Голего  |b Н. Л.  |g Николай Лукич 
701 1 |a Запорожец  |b В. В.  |g Владимир Васильевич 
701 1 |a Кордонский  |b Х. Б.  |g Хаим Борисович 
701 1 |a Кручинский  |b Г. А.  |g Геннадий Анатольевич 
702 1 |a Голего  |b Н. Л.  |4 340 
801 1 |a RU  |b 63413507  |c 20070626  |g PSBO 
801 2 |a RU  |b 63413507  |c 20080408  |g PSBO 
942 |c BK